00358nam a2200121 a 450000500170000000800410001705000230005824500330008125000060011426000350012065000360015565000450019120140414131933.0110111s19uu xx 00 eng d aREF 423bSch6 2002 aScholastic pocket thesaurus. a  aNew York :bScholastic,c2002. aEnglish languagexDictionaries. aEnglish languagexSynonyms and antonyms.